Genre, authorship and contemporary women filmmakers /

Examining the significance of women's work in popular film genres, this book sheds light on women's contribution to genre cinema through an exploration of filmmakers like Kathryn Bigelow, Diablo Cody, Sofia Coppola and Kelly Reichard.

Bibliographic Details
Main Author: Paszkiewicz, Katarzyna (Author)
Format: Book
Language:English
Published: Edinburgh : Edinburgh University Press, [2018]
Subjects:

MARC

Tag First Indicator Second Indicator Subfields
LEADER 00000cam a2200000Ii 4500
001 in00004034113
005 20181024144030.0
008 171124t20182018stka b 001 0 eng d
020 |a 1474425267  |q hardcover 
020 |a 9781474425261  |q hardcover 
035 |a (OCoLC)on1012776184 
040 |a YDX  |e rda  |c YDX  |d CDX  |d EYM  |d UtOrBLW 
043 |a n-us--- 
049 |a TXAM 
050 4 |a PN1995.9.W6  |b P37 2018 
082 0 |a 791.4302/33082  |2 23 
100 1 |a Paszkiewicz, Katarzyna,  |e author.  |0 http://id.loc.gov/authorities/names/nb2015020481 
245 1 0 |a Genre, authorship and contemporary women filmmakers /  |c Katarzyna Paszkiewicz. 
264 1 |a Edinburgh :  |b Edinburgh University Press,  |c [2018] 
264 4 |c ©2018 
300 |a ix, 294 pages :  |b illustrations ;  |c 25 cm. 
336 |a text  |b txt  |2 rdacontent 
337 |a unmediated  |b n  |2 rdamedia 
338 |a volume  |b nc  |2 rdacarrier 
504 |a Includes bibliographical references (pages 264-285) and index. 
520 |a Examining the significance of women's work in popular film genres, this book sheds light on women's contribution to genre cinema through an exploration of filmmakers like Kathryn Bigelow, Diablo Cody, Sofia Coppola and Kelly Reichard. 
650 0 |a Women motion picture producers and directors  |z United States.  |0 http://id.loc.gov/authorities/subjects/sh96008621 
650 0 |a Motion pictures  |z United States.  |0 http://id.loc.gov/authorities/subjects/sh85088112 
650 0 |a Film genres.  |0 http://id.loc.gov/authorities/subjects/sh86003119 
650 0 |a Motion picture authorship.  |0 http://id.loc.gov/authorities/subjects/sh85088030 
650 0 |a Motion pictures  |x History.  |0 http://id.loc.gov/authorities/subjects/sh87002438 
945 |b 683091 
947 |a A14850585176 
948 |a cataloged  |b h  |c 2018/9/5  |d c  |e dmitchel  |f 11:30:20 am 
994 |a 92  |b TXA 
999 f f |s a2f04bec-3dd9-308a-9af5-5c25848a5dc3  |i 3ea7a65f-c7cb-3d59-97b2-6b05dbff6784  |t 0 
952 f f |p normal  |a Texas A&M University  |b College Station  |c Sterling C. Evans Library  |d Evans: Library Stacks  |t 0  |e PN1995.9.W6 P37 2018  |h Library of Congress classification  |i unmediated -- volume  |m A14850585176 
998 f f |a PN1995.9.W6 P37 2018  |t 0  |l Evans: Library Stacks